Cheese 12 Ways - Statistics

General Stats
  • This quiz has been taken 107 times
  • The average score is 8 of 12
Answer Stats
Picture Answer % Correct
Cheeseburger
93%
Fondue
93%
Pizza
93%
Mac and Cheese
90%
Nachos
87%
Cheesecake
85%
Cheese Puffs
74%
Quesadilla
63%
Lasagne
52%
Cheese On Toast
51%
Spanakopita
23%
Gulab Jamun
13%
No matching quizzes found
Score Distribution
Percent of People with Each Score
Percentile by Number Answered
Your Score History
You have not taken this quiz